000 00473nam a2200181Ia 4500
001 11515
005 20260306162833.0
008 260306t2013||||xx |||||||||||||| ||spa||
041 _aESP
082 _a985.064
_bA51
100 _aAlzamora, Carlos
_eAUT
245 0 _aLeguía, la historia oculta:
_bvida y muerte del presidente Augusto B. Leguía
260 _c2013
300 _a152 páginas :
_c24 cm.
650 _aGEN
654 _aCHU
942 _cLIB
_dJUS
_fJUS
_2ddc
_n
999 _c11515
_d11515